Hai mươi năm sau; T1 = Vingt ans après
সংরক্ষণ করুন:
| প্রধান লেখক: | |
|---|---|
| বিন্যাস: | গ্রন্থ |
| ভাষা: | Undetermined |
| প্রকাশিত: |
Hà Nội
Văn Học
2001
|
| বিষয়গুলি: | |
| ট্যাগগুলো: |
ট্যাগ যুক্ত করুন
কোনো ট্যাগ নেই, প্রথমজন হিসাবে ট্যাগ করুন!
|
| Thư viện lưu trữ: | Trung tâm Học liệu Trường Đại học Cần Thơ |
|---|
| LEADER | 00524nam a2200181Ia 4500 | ||
|---|---|---|---|
| 001 | CTU_41598 | ||
| 008 | 210402s9999 xx 000 0 und d | ||
| 082 | |a 843.8 | ||
| 082 | |b D886/T1 | ||
| 100 | |a Alexandre Dumas | ||
| 245 | 0 | |a Hai mươi năm sau; T1 | |
| 245 | 0 | |b = Vingt ans après | |
| 245 | 0 | |c Alexandre Dumas; Dịch giả: Anh Vũ | |
| 260 | |a Hà Nội | ||
| 260 | |b Văn Học | ||
| 260 | |c 2001 | ||
| 650 | |a french literature - 19th century | ||
| 980 | |a Trung tâm Học liệu Trường Đại học Cần Thơ | ||